[Event "54th Rubinstein Memorial-A 2018"]
[Site "Polanica-Zdroj"]
[Date "2018.08.19"]
[Round "2"]
[White "Nowak, Kamil"]
[Black "Adamczewski, Maciej"]
[Result "0-1"]
[WhiteElo "2313"]
[BlackElo "2061"]
[Annotator "NA"]
[PlyCount "89"]
[EventDate "2018.08.18"]
[EventType "swiss"]
[EventCountry "POL"]
[SourceTitle "playchess.com"]
[Source "ChessBase"]
[SourceQuality "1"]
[TimeControl "40/5400+30:1800+30"]

1. e4 {[%emt 0:00:00]} e6 {[%emt 0:00:00]} 2. d4 {[%emt 0:00:00]} d5 {[%emt 0:00:00]} 3. Nc3 {[%emt 0:00:00]} Nf6 {[%emt 0:00:00]} 4. e5 {[%emt 0:00:18]} Nfd7 {[%emt 0:00:00]} 5. f4 {[%emt 0:00:35]} c5 {[%emt 0:00:12]} 6. Nf3 {[%emt 0:00:14]} Nc6 {[%emt 0:00:11]} 7. Be3 {[%emt 0:00:10]} Be7 {[%emt 0:00:06]} 8. Qd2 {[%emt 0:00:47]} O-O {[%emt 0:00:10]} 9. dxc5 {[%emt 0:01:13]} Bxc5 {[%emt 0:01:55]} 10. O-O-O {[%emt 0:01:24]} a6 {[%emt 0:07:36]} 11. Bxc5 {[%emt 0:11:29]} Nxc5 {[%emt 0:00:42]} 12. Nd4 {[%emt 0:11:24]} (12. Qe3 $11 Qa5 13. Kb1) 12... Bd7 {[%emt 0:06:18]} 13. Qf2 {[%emt 0:10:02]} Nxd4 14. Qxd4 {[%emt 0:00:06]} Rc8 {[%emt 0:04:31]} 15. Bd3 $15 {[%emt 0:01:18]} b5 16. Kb1 {[%emt 0:01:51]} b4 {[%emt 0:24:28]} 17. Ne2 {[%emt 0:12:36]} Qa5 {[%emt 0:04:18]} 18. Nc1 {[%emt 0:03:17]} Ba4 {[%emt 0:04:11]} 19. b3 {[%emt 0:04:16]} Bb5 {[%emt 0:00:40]} 20. g4 {[%emt 0:01:08]} Bxd3 {[%emt 0:01:32]} 21. cxd3 {[%emt 0:00:07]} Qc7 {[%emt 0:09:42]} 22. Rd2 {[%emt 0:06:08]} a5 {[%emt 0:01:21]} 23. Ne2 {[%emt 0:02:14]} a4 {[%emt 0:12:13]} 24. Rc2 {[%emt 0:00:43]} axb3 {[%emt 0:00:38]} 25. axb3 {[%emt 0:00:02]} Qa5 {[%emt 0:01:38]} 26. Nc1 {[%emt 0:00:45]} Na6 {[%emt 0:04:09]} 27. Ra2 {[%emt 0:02:17]} Qb5 {[%emt 0:00:18]} 28. h4 {[%emt 0:00:52]} Rc3 {[%emt 0:01:54]} 29. Rhh2 {[%emt 0:02:30]} Nc5 {[%emt 0:01:24]} 30. Rhc2 {[%emt 0:03:01]} Nxb3 {[%emt 0:00:37]} 31. Nxb3 {[%emt 0:00:06]} Rxb3+ {[%emt 0:00:03]} 32. Rab2 {[%emt 0:00:08]} Rxd3 {[%emt 0:00:22]} 33. Qxb4 {[%emt 0:00:22]} Rd1+ {[%emt 0:00:17]} 34. Rc1 {[%emt 0:00:34]} Qd3+ {[%emt 0:01:17]} 35. Rbc2 {[%emt 0:00:06]} Rc8 {[%emt 0:00:57]} 36. Kb2 {[%emt 0:01:40]} Rxc1 {[%emt 0:00:44]} 37. Rxc1 {[%emt 0:00:14]} Qe2+ {[%emt 0:01:19]} 38. Kb1 {[%emt 0:00:04]} Ra8 {[%emt 0:00:50]} 39. Rc2 {[%emt 0:01:37]} Qd1+ {[%emt 0:01:17]} 40. Rc1 {[%emt 0:00:00]} Qd3+ {[%emt 0:00:00]} 41. Kb2 {[%emt 0:00:40]} Qa6 {[%emt 0:01:09]} 42. Kc2 {[%emt 0:01:39]} Qe2+ {[%emt 0:02:46]} 43. Kb3 {[%emt 0:00:05]} Qa2+ {[%emt 0:00:20]} 44. Kc3 {[%emt 0:00:06]} Ra3+ {[%emt 0:00:43]} 45. Kd4 0-1

[Event "54th Rubinstein Memorial-A 2018"]
[Site "Polanica-Zdroj"]
[Date "2018.08.19"]
[Round "2"]
[White "Reza, Wojciech"]
[Black "Harazinska, Magdalena"]
[Result "1-0"]
[WhiteElo "2303"]
[BlackElo "2035"]
[Annotator "NA"]
[PlyCount "87"]
[EventDate "2018.08.18"]
[EventType "swiss"]
[EventCountry "POL"]
[SourceTitle "playchess.com"]
[Source "ChessBase"]
[SourceQuality "1"]
[TimeControl "40/5400+30:1800+30"]

1. e4 {[%emt 0:00:00]} c5 {[%emt 0:00:00]} 2. Nf3 {[%emt 0:00:29]} d6 {[%emt 0:00:00]} 3. d4 {[%emt 0:02:11]} cxd4 {[%emt 0:00:11]} 4. Nxd4 {[%emt 0:00:08]} Nf6 {[%emt 0:00:18]} 5. Nc3 {[%emt 0:00:28]} a6 {[%emt 0:00:22]} 6. Qf3 {[%emt 0:08:49]} e6 {[%emt 0:06:14]} 7. g4 {[%emt 0:04:24]} Nc6 {[%emt 0:11:49]} 8. Nxc6 {[%emt 0:10:32]} bxc6 {[%emt 0:00:01] LiveBook: 12 Games} 9. Bg2 $11 {[%emt 0:15:48]} Bb7 {[%emt 0:09:10]} 10. O-O {[%emt 0:22:34]} Be7 {[%emt 0:01:52]} 11. g5 {[%emt 0:09:29]} Nd7 {[%emt 0:03:05]} 12. Qg3 {[%emt 0:00:05]} d5 {[%emt 0:09:41]} 13. b3 {[%emt 0:06:01]} O-O {[%emt 0:03:23]} 14. f4 {[%emt 0:05:02]} Qc7 {[%emt 0:09:01]} 15. Bd2 {[%emt 0:02:36]} Rfd8 {[%emt 0:12:31]} 16. h4 {[%emt 0:02:55]} Nc5 {[%emt 0:05:43]} 17. e5 {[%emt 0:05:13]} d4 {[%emt 0:04:49]} 18. Nd1 {[%emt 0:00:17]} Nd7 {[%emt 0:05:56]} 19. Nb2 {[%emt 0:02:49]} g6 {[%emt 0:03:33]} 20. Nc4 {[%emt 0:01:16]} a5 {[%emt 0:00:32]} 21. Qe1 {[%emt 0:00:06]} Rdc8 {[%emt 0:04:23]} 22. Bxa5 {[%emt 0:01:32]} Qb8 {[%emt 0:00:05]} 23. Rf3 {[%emt 0:04:59]} Qa7 {[%emt 0:03:37]} 24. Kh2 {[%emt 0:02:54]} Ba6 {[%emt 0:01:02]} 25. Nb2 {[%emt 0:02:38]} Ba3 {[%emt 0:02:03]} 26. Nd1 {[%emt 0:00:34]} c5 {[%emt 0:00:59]} 27. Rh3 {[%emt 0:01:32]} Bb7 {[%emt 0:00:23]} 28. Bxb7 {[%emt 0:00:10]} Qxb7 {[%emt 0:00:01]} 29. h5 {[%emt 0:00:12]} Bb4 {[%emt 0:01:19]} 30. Bxb4 {[%emt 0:01:18]} cxb4 {[%emt 0:00:02]} 31. Qd2 {[%emt 0:00:53]} Qc6 {[%emt 0:01:50]} 32. Rd3 {[%emt 0:01:24]} Qxc2 {[%emt 0:00:53]} 33. Rxd4 {[%emt 0:00:29]} Nf8 {[%emt 0:01:08]} 34. h6 {[%emt 0:00:55]} Ra7 {[%emt 0:00:27]} 35. Ne3 {[%emt 0:00:48]} Qxd2+ {[%emt 0:00:30]} 36. Rxd2 {[%emt 0:00:02]} Rca8 {[%emt 0:00:09]} 37. Ng4 {[%emt 0:00:34]} f5 {[%emt 0:00:43]} 38. exf6 {[%emt 0:00:49]} Nd7 {[%emt 0:00:11]} 39. Rad1 {[%emt 0:01:20]} Rxa2 {[%emt 0:00:32]} 40. Rxa2 {[%emt 0:00:00]} Rxa2+ {[%emt 0:00:00]} 41. Kg3 {[%emt 0:01:27]} Nf8 {[%emt 0:00:48]} 42. Rd8 {[%emt 0:00:25]} Rb2 {[%emt 0:00:11]} 43. Ne5 {[%emt 0:00:09]} Rxb3+ {[%emt 0:00:04]} 44. Kg4 {[%emt 0:00:10]} 1-0

[Event "54th Rubinstein Memorial-A 2018"]
[Site "Polanica-Zdroj"]
[Date "2018.08.19"]
[Round "2"]
[White "Cherepov, Alexej"]
[Black "Rosicki, Marcin"]
[Result "1/2-1/2"]
[WhiteElo "2245"]
[BlackElo "2002"]
[Annotator "NA"]
[PlyCount "76"]
[EventDate "2018.08.18"]
[EventType "swiss"]
[EventCountry "POL"]
[SourceTitle "playchess.com"]
[Source "ChessBase"]
[SourceQuality "1"]
[TimeControl "40/5400+30:1800+30"]

1. d4 {[%emt 0:00:00]} Nf6 {[%emt 0:00:00]} 2. c4 {[%emt 0:00:00]} c5 {[%emt 0:00:00]} 3. Nf3 {[%emt 0:00:59]} cxd4 {[%emt 0:01:10]} 4. Nxd4 {[%emt 0:00:05]} e5 {[%emt 0:00:19]} 5. Nb5 {[%emt 0:00:27]} d5 {[%emt 0:01:07]} 6. cxd5 {[%emt 0:00:06]} Bc5 {[%emt 0:00:06]} 7. N5c3 {[%emt 0:02:28]} O-O {[%emt 0:00:35]} 8. g3 {[%emt 0:00:13]} Qb6 {[%emt 0:10:18]} 9. e3 {[%emt 0:02:09]} Bg4 {[%emt 0:06:54]} 10. Be2 {[%emt 0:16:16] LiveBook: 64 Games} Bf5 {[%emt 0:12:55]} 11. Nd2 $14 {[%emt 0:01:39]} Bb4 {[%emt 0:13:03]} 12. Qb3 {[%emt 0:25:47]} Ne4 {[%emt 0:15:11]} 13. Ndxe4 {[%emt 0:04:10]} Bxe4 {[%emt 0:00:20]} 14. O-O {[%emt 0:00:03]} Bxc3 {[%emt 0:03:21]} 15. Qxc3 {[%emt 0:00:06]} Nd7 {[%emt 0:05:53]} 16. Qc4 {[%emt 0:21:40]} Nf6 {[%emt 0:00:21]} 17. Qb5 {[%emt 0:00:07]} Qxb5 {[%emt 0:06:35]} 18. Bxb5 {[%emt 0:00:05]} Bxd5 {[%emt 0:01:23]} 19. Bd2 {[%emt 0:05:57]} Ne4 {[%emt 0:01:25]} 20. Rfd1 {[%emt 0:01:20]} Nxd2 {[%emt 0:02:24]} 21. Rxd2 {[%emt 0:00:02]} Bf3 {[%emt 0:00:10]} 22. Be2 {[%emt 0:01:15]} Bxe2 {[%emt 0:00:18]} 23. Rxe2 {[%emt 0:00:03]} Rfd8 {[%emt 0:00:20]} 24. Rc1 {[%emt 0:00:06]} Rac8 {[%emt 0:00:06]} 25. Rxc8 {[%emt 0:00:39]} Rxc8 {[%emt 0:00:01]} 26. Rd2 {[%emt 0:00:06]} Kf8 {[%emt 0:06:14]} 27. Rd7 {[%emt 0:00:17]} Rb8 {[%emt 0:00:07]} 28. g4 {[%emt 0:00:30]} a6 {[%emt 0:00:35]} 29. Kg2 {[%emt 0:00:17]} b5 {[%emt 0:00:49]} 30. b4 {[%emt 0:09:34]} Rb6 {[%emt 0:01:06]} 31. h4 {[%emt 0:01:33]} Rc6 {[%emt 0:00:58]} 32. Ra7 {[%emt 0:00:22]} Rc4 {[%emt 0:01:05]} 33. a3 {[%emt 0:00:40]} Rxg4+ {[%emt 0:00:05]} 34. Kh3 {[%emt 0:01:46]} Rg6 {[%emt 0:00:22]} 35. Ra8+ {[%emt 0:00:13]} Ke7 {[%emt 0:00:04]} 36. Ra7+ {[%emt 0:00:02]} Ke8 {[%emt 0:03:39]} 37. Ra8+ {[%emt 0:00:05]} Ke7 {[%emt 0:01:48]} 38. Ra7+ {[%emt 0:00:03]} Ke8 {[%emt 0:01:41]} 1/2-1/2

[Event "54th Rubinstein Memorial-A 2018"]
[Site "Polanica-Zdroj"]
[Date "2018.08.19"]
[Round "2"]
[White "Kumala, Aleksander"]
[Black "Vanduyfhuys, Daria"]
[Result "0-1"]
[WhiteElo "2238"]
[BlackElo "1878"]
[Annotator "NA"]
[PlyCount "82"]
[EventDate "2018.08.18"]
[EventType "swiss"]
[EventCountry "POL"]
[SourceTitle "playchess.com"]
[Source "ChessBase"]
[SourceQuality "1"]
[TimeControl "40/5400+30:1800+30"]

1. d4 {[%emt 0:00:00]} d5 {[%emt 0:00:00]} 2. Nc3 {[%emt 0:00:00]} Nf6 {[%emt 0:00:43]} 3. Bf4 {[%emt 0:00:00]} Bf5 {[%emt 0:01:46]} 4. f3 {[%emt 0:00:00]} e6 {[%emt 0:01:29]} 5. g4 {[%emt 0:00:00]} Bg6 {[%emt 0:00:56]} 6. h4 {[%emt 0:00:00]} h5 {[%emt 0:02:03]} 7. g5 {[%emt 0:00:03]} Ng8 {[%emt 0:02:58]} 8. e3 {[%emt 0:07:05]} Bd6 {[%emt 0:02:31]} 9. Nh3 {[%emt 0:00:08]} Ne7 {[%emt 0:03:17]} 10. Qd2 {[%emt 0:03:37]} Nbc6 {[%emt 0:17:16]} 11. Bd3 {[%emt 0:07:08]} Qd7 {[%emt 0:03:34]} 12. Nb5 {[%emt 0:06:48]} (12. Bb5 $11) 12... Bxf4 {[%emt 0:01:27]} 13. Nxf4 {[%emt 0:00:08]} Bxd3 $11 {[%emt 0:00:37]} 14. Nxd3 {[%emt 0:01:52]} b6 15. Qc3 {[%emt 0:03:50]} f6 {[%emt 0:07:02]} 16. gxf6 {[%emt 0:01:14]} gxf6 {[%emt 0:00:16]} 17. Nf4 {[%emt 0:05:06]} a6 {[%emt 0:03:59]} 18. Na3 {[%emt 0:00:36]} O-O-O {[%emt 0:00:54]} 19. O-O-O {[%emt 0:01:27]} e5 {[%emt 0:04:45]} 20. dxe5 {[%emt 0:01:49]} fxe5 {[%emt 0:00:13]} 21. Nd3 {[%emt 0:01:33]} Qe6 {[%emt 0:01:21]} 22. Rhg1 {[%emt 0:05:53]} Rhg8 {[%emt 0:02:19]} 23. Nb4 {[%emt 0:07:45]} Nxb4 {[%emt 0:02:33]} 24. Qxb4 {[%emt 0:00:09]} Nf5 {[%emt 0:09:54]} 25. Rge1 {[%emt 0:07:03]} Qh6 {[%emt 0:01:52]} 26. Rd3 {[%emt 0:02:06]} Nxe3 {[%emt 0:06:39]} 27. Kb1 {[%emt 0:00:09]} Qf4 {[%emt 0:02:51]} 28. Qc3 {[%emt 0:01:05]} Rg6 {[%emt 0:07:40]} 29. b3 {[%emt 0:05:35]} d4 {[%emt 0:00:21]} 30. Qb4 {[%emt 0:00:56]} Qxf3 {[%emt 0:02:21]} 31. Qe7 {[%emt 0:00:51]} Qf6 {[%emt 0:00:30]} 32. Qb4 {[%emt 0:01:40]} Rg2 {[%emt 0:00:31]} 33. Qa4 {[%emt 0:00:29]} Kb7 {[%emt 0:00:49]} 34. b4 {[%emt 0:03:11]} e4 {[%emt 0:01:20]} 35. Rb3 {[%emt 0:00:37]} b5 {[%emt 0:00:54]} 36. Nxb5 {[%emt 0:01:04]} axb5 {[%emt 0:00:31]} 37. Qxb5+ {[%emt 0:00:09]} Qb6 {[%emt 0:00:16]} 38. Qxh5 {[%emt 0:00:23]} Qc6 {[%emt 0:01:44]} 39. c3 {[%emt 0:02:12]} dxc3 {[%emt 0:02:01]} 40. Rc1 {[%emt 0:00:00]} c2+ {[%emt 0:00:00]} 41. Ka1 {[%emt 0:01:37]} Rd1 {[%emt 0:02:07]} 0-1

[Event "54th Rubinstein Memorial-A 2018"]
[Site "Polanica-Zdroj"]
[Date "2018.08.19"]
[Round "2"]
[White "Zaleski, Lukasz"]
[Black "Shishkin, Vadim"]
[Result "1-0"]
[WhiteElo "2164"]
[BlackElo "2461"]
[Annotator "TA"]
[PlyCount "155"]
[EventDate "2018.08.18"]
[EventType "swiss"]
[EventCountry "POL"]
[SourceTitle "playchess.com"]
[Source "ChessBase"]
[SourceQuality "1"]

{[%evp 19,155,9,22,15,34,34,33,20,48,26,51,49,47,31,49,34,21,4,0,-32,-17,-31,0,-44,-37,-44,-43,-56,-53,-64,-54,-71,-41,-41,-27,-30,-33,-38,-29,-53,-51,-52,-52,-57,-57,-57,-56,-99,-94,-89,-83,-86,-79,-87,-19,-31,-13,-33,-37,-36,0,0,33,-16,-16,-10,10,-20,-10,-17,-4,-4,-4,-18,-18,-20,-19,-20,-19,-14,-13,-22,-8,-41,-54,-48,-23,-28,-31,-35,-37,-58,-58,-59,-37,-56,-52,-62,-58,-53,-44,-55,-17,-17,-17,-17,-17,-17,-16,-22,-12,-15,-8,-8,-8,-8,-8,-8,-8,-8,0,0,0,-8,-8,-8,-8,-8,150,141,116,37,41,0,69,69,29972,29973]} 1. e4 {[%cal Be2e4,Be4e5][%mdl 32]} c5 2. Nf3 Nc6 3. Bb5 g6 4. O-O Bg7 5. Re1 Nf6 {[%cal Bg8f6,Bf6d5,Bd5c7][%mdl 32]} 6. e5 Nd5 7. Nc3 Nc7 8. Bxc6 dxc6 9. Ne4 Ne6 10. d3 b6 {LiveBook: 31 Partien. B31: Sizilianisch (Rossolimo-Variante)} 11. Neg5 h6 12. Nxe6 Bxe6 {Weiß steht etwas besser.} 13. Qe2 $146 ({Vorgänger:} 13. b3 O-O 14. Bb2 Qc7 15. Qe2 Rae8 16. h3 Qc8 17. Qe3 f5 18. exf6 exf6 {½-½ (33) Perez Garcia,R (2406)-Becerra Rivero,J (2551) Santo Domingo 2012}) 13... Qd7 14. Bd2 O-O 15. Bc3 Bd5 16. a3 Qc7 17. Qe3 c4 18. dxc4 Bxc4 19. Rad1 Rad8 20. b3 Bd5 21. Ba1 c5 22. c4 Be6 23. h3 Rd7 24. Rxd7 Qxd7 25. Re2 Qb7 26. a4 a6 27. Bc3 Rc8 28. Nd2 b5 29. Re1 bxa4 30. bxa4 Qc6 31. a5 $1 Rd8 32. Ne4 Bxc4 33. Qxc5 Qxc5 34. Nxc5 Rd5 35. Na4 Bb5 36. Nb6 Rd8 ({Günstiger ist} 36... Rc5 $17 37. Bd4 Rc7) 37. Bb4 $11 Bf8 38. Rc1 Rd4 39. Bc3 Rd8 40. Bb4 f5 41. Rc7 Kf7 42. Nc8 Ke6 43. Nxe7 Re8 {[%cal Rf8e7]} 44. Nc6 Bxb4 45. Nxb4 Kxe5 {[%mdl 4096] Endspiel KTL-KTS} 46. Rb7 Re6 47. g3 Rd6 48. Kg2 Kd4 {[#] Und ...Kc4 würde nun gewinnen.} 49. Rc7 Re6 50. Nc2+ Kd5 51. Nb4+ Kd6 52. Rc1 Re2 53. Rd1+ Ke6 54. Rc1 Rd2 55. Kf3 Rd4 56. Rb1 Kf7 57. Ke3 Rc4 58. Kf3 g5 59. Kg2 Rc3 60. Rd1 Ra3 61. Rd6 $1 Rxa5 62. Rxh6 Ra1 63. Nd5 Bd3 64. Rf6+ Kg7 65. Rd6 Be4+ 66. f3 $132 {[%mdl 2048] Weiss has counterplay} Ra2+ 67. Kg1 Bxf3 {Droht stark ...Tg2+.} 68. Rd7+ Kg6 {Und weiter mit ...Tg2+ wäre nett.} 69. Rd6+ Kg7 {Weiss muss nun ...Tg2+ beachten.} 70. Rd7+ Kg6 {Droht ...Tg2+ und aus.} 71. Rd6+ Kf7 {...Tg2+ ist eine echte Drohung.} 72. Rf6+ Ke8 73. Rxf5 Bd1 $2 (73... Rg2+ $11 74. Kf1 Bxd5 75. Rxd5 Rxg3) 74. Nc3 $16 ({Jedoch nicht} 74. Rxg5 $6 Bf3 $14) 74... Rd2 75. Rxg5 (75. Nxd1 $16 Rxd1+ 76. Kf2) 75... Bf3 $14 76. Ra5 Bb7 ({Besser ist} 76... Rg2+ $11 77. Kf1 Rxg3) 77. Ne4 Kd8 $2 {[%mdl 8192] [#]} (77... Rd3 $14) 78. Nxd2 {Precision: Weiß = 49%, Schwarz = 49%.} 1-0

[Event "54th Rubinstein Memorial-A 2018"]
[Site "Polanica-Zdroj"]
[Date "2018.08.19"]
[Round "2"]
[White "Dzikowski, Michal"]
[Black "Frolov, Artur"]
[Result "0-1"]
[WhiteElo "2155"]
[BlackElo "2420"]
[Annotator "TA"]
[PlyCount "106"]
[EventDate "2018.08.18"]
[EventType "swiss"]
[EventCountry "POL"]
[SourceTitle "playchess.com"]
[Source "ChessBase"]
[SourceQuality "1"]

{[%evp 13,106,-25,-34,-48,-29,-73,-84,-71,-65,-108,-95,-120,-125,-207,-100,-137,-123,-162,-123,-135,-102,-132,-72,-110,-99,-175,-127,-132,-134,-142,-133,-187,-191,-172,-190,-203,-154,-209,-210,-204,-200,-278,-290,-287,-280,-287,-281,-274,-281,-291,-163,-163,-158,-164,-142,-275,-175,-187,-185,-175,-58,-145,-143,-137,-152,-147,-96,-96,-105,-122,-114,-122,-95,-183,-190,-252,-252,-252,-251,-245,-231,-318,-318,-358,-356,-854,-864,-873,-883,-29971,-29972,-29980,-29981,-29985,-29986]} 1. d4 Nf6 2. Nf3 g6 3. g3 Bg7 4. Bg2 d5 5. O-O c6 6. c4 dxc4 {D73: Fianchetto Grünfeld: 5 Nf3} 7. Na3 b5 $1 {LiveBook: 21 Games} 8. Bf4 $146 ({Predecessor:} 8. Ne5 Nd5 9. Bd2 O-O 10. Nc2 Bb7 11. e4 Nb6 12. f4 c5 13. d5 e6 14. dxe6 fxe6 {0-1 (35) Haria,R (2441)-Kryvoruchko,Y (2703) Dubai 2018}) 8... Nd5 {Black is slightly better.} 9. Qd2 Nxf4 10. Qxf4 Qb6 11. Rad1 O-O 12. Ne5 f6 13. Ng4 {[#]} (13. Nf3 $17) 13... a6 (13... e5 $1 $19 {[%cal Re5f4][%mdl 512] has better winning chances.} 14. Nh6+ (14. dxe5 g5) 14... Kh8 15. dxe5 g5) 14. h4 Ra7 15. h5 g5 (15... gxh5 16. Ne3 $15) 16. Qf3 h6 $36 {[%mdl 2048] White is under strong pressure.} 17. e4 e6 (17... f5 $142 18. exf5 Bxf5) 18. Nc2 c5 19. Qa3 (19. Qe3 $17 {was worth a try.}) 19... cxd4 20. Rxd4 Rd7 21. Rxd7 Nxd7 (21... Bxd7 22. Rd1 $15) 22. Qe7 (22. Rd1 $17 {was called for.}) 22... f5 $19 23. exf5 exf5 24. Nge3 Nf6 (24... Bxb2 25. Nd5 $17) 25. Nd5 (25. Rd1 $17 {keeps fighting.} Re8 26. Qa3) 25... Nxd5 $1 26. Bxd5+ Kh8 27. Nb4 Qf6 28. Nc6 f4 (28... Qxb2 29. Qc7 $19) 29. Qxf6 Bxf6 ({Resist} 29... Rxf6 30. Ne7 $19) 30. gxf4 gxf4 31. Re1 Bg4 (31... Bxb2 $142 32. Ne7 Rd8) 32. Ne5 Bxe5 ({Stronger than} 32... Bxh5 33. Nd7 $11) 33. Rxe5 {[%mdl 4096] Endgame KRB-KRB} Kg7 {aiming for ...Kf6.} 34. f3 (34. Bb7 $17 {is a better defense.}) 34... Bf5 {Threatens to win with ...Kf6.} 35. Bb7 Bc8 36. Be4 Rf7 ({Black should play} 36... Rd8 $19 {Hoping for ...Rd2.} 37. b3 Rd1+ 38. Kf2 Rd2+ 39. Ke1 Rxa2 40. bxc4 bxc4) 37. Bg6 {[#]} ({Better is} 37. Rc5 $15 Bd7 38. Kf2) 37... Rd7 $1 $17 38. Rc5 Rd1+ 39. Kf2 Bd7 ({Black should try} 39... Be6 {...Rd2+ is the strong threat.} 40. Rc6 Kf6) 40. Ke2 Rd6 41. Be4 Kf6 42. Ke1 Ke7 43. a4 (43. a3 $17 {was necessary.}) 43... Rd4 $19 {Strongly threatening ...Kd6.} 44. axb5 (44. Rc7 {might work better.}) 44... axb5 45. Rc7 Kd6 46. Ra7 {[#]} Kc5 $1 47. Ra6 Rd6 48. Ra8 Kb4 49. Rg8 $2 (49. Bc2 Rd5 50. Rf8) 49... Kb3 50. Rg2 Bc6 51. Bxc6 Rxc6 {Black mates.} 52. Rg6 Rc5 53. Rxh6 Kxb2 {Precision: White = 30%, Black = 78%.} 0-1

[Event "54th Rubinstein Memorial-A 2018"]
[Site "Polanica-Zdroj"]
[Date "2018.08.19"]
[Round "2"]
[White "Wisniewski, Michal"]
[Black "Sabuk, Piotr"]
[Result "0-1"]
[WhiteElo "2122"]
[BlackElo "2377"]
[Annotator "NA"]
[PlyCount "110"]
[EventDate "2018.08.18"]
[EventType "swiss"]
[EventCountry "POL"]
[SourceTitle "playchess.com"]
[Source "ChessBase"]
[SourceQuality "1"]
[TimeControl "40/5400+30:1800+30"]

1. Nf3 {[%emt 0:00:00]} c5 {[%emt 0:00:39]} 2. c4 {[%emt 0:04:34]} Nf6 {[%emt 0:00:53]} 3. Nc3 {[%emt 0:01:36]} e6 {[%emt 0:08:23]} 4. e4 {[%emt 0:04:50]} d6 {[%emt 0:01:29]} 5. d4 {[%emt 0:00:25]} cxd4 {[%emt 0:00:32]} 6. Nxd4 {[%emt 0:00:06]} Be7 {[%emt 0:03:27]} 7. Be2 {[%emt 0:00:06]} O-O {[%emt 0:01:07]} 8. O-O {[%emt 0:00:05]} a6 {[%emt 0:03:48]} 9. Be3 {[%emt 0:00:22]} Qc7 {[%emt 0:01:22]} 10. Qd2 {[%emt 0:03:35]} b6 {[%emt 0:01:07]} 11. f3 {[%emt 0:01:29] LiveBook: 35 Games} Bb7 {[%emt 0:03:04]} 12. Rfc1 {[%emt 0:00:06]} Nbd7 {[%emt 0:15:19]} 13. Rab1 $14 {[%emt 0:06:35]} Rac8 14. b4 {[%emt 0:00:20]} Qb8 {[%emt 0:09:19]} 15. a4 {[%emt 0:22:42]} Rfe8 {[%emt 0:07:54]} 16. Qa2 {[%emt 0:10:37]} d5 {[%emt 0:05:10]} 17. cxd5 {[%emt 0:03:45]} exd5 {[%emt 0:00:46]} 18. Nxd5 {[%emt 0:00:13]} Rxc1+ {[%emt 0:02:05]} 19. Rxc1 {[%emt 0:08:03]} Nxd5 {[%emt 0:02:11]} 20. exd5 {[%emt 0:00:06]} Bd6 {[%emt 0:07:12]} 21. Nc6 {[%emt 0:02:05]} Bxh2+ {[%emt 0:02:17]} 22. Kf1 {[%emt 0:01:57]} Qd6 {[%emt 0:02:14]} 23. Qd2 {[%emt 0:13:44]} h5 {[%emt 0:06:03]} 24. b5 {[%emt 0:04:16]} axb5 {[%emt 0:04:09]} 25. axb5 {[%emt 0:00:01]} h4 {[%emt 0:07:21]} 26. Rc4 {[%emt 0:02:44]} Nf6 {[%emt 0:00:53]} 27. Rxh4 {[%emt 0:04:46]} Nxd5 {[%emt 0:00:53]} 28. Bd4 {[%emt 0:02:43]} Bxc6 {[%emt 0:02:43]} 29. bxc6 {[%emt 0:00:05]} Nf6 {[%emt 0:01:36]} 30. Qg5 {[%emt 0:01:49]} Be5 {[%emt 0:00:16]} 31. Bxe5 {[%emt 0:00:49]} Rxe5 {[%emt 0:00:12]} 32. Qc1 {[%emt 0:00:00]} Rc5 {[%emt 0:00:17]} 33. Qd1 {[%emt 0:01:16]} Qxd1+ {[%emt 0:01:05]} 34. Bxd1 {[%emt 0:00:01]} Rxc6 {[%emt 0:00:12]} 35. Ra4 {[%emt 0:00:34]} Rc7 {[%emt 0:01:01]} 36. Ra8+ {[%emt 0:00:06]} Kh7 {[%emt 0:00:04]} 37. Rb8 {[%emt 0:00:02]} Nd7 {[%emt 0:00:23]} 38. Rd8 {[%emt 0:00:13]} b5 {[%emt 0:00:35]} 39. Bc2+ {[%emt 0:01:28]} g6 {[%emt 0:00:32]} 40. Bb3 {[%emt 0:00:00]} Kg7 {[%emt 0:00:00]} 41. Ke2 {[%emt 0:04:57]} Kf6 {[%emt 0:05:27]} 42. f4 {[%emt 0:02:24]} Ke7 {[%emt 0:12:45]} 43. Rg8 {[%emt 0:03:54]} Rc3 {[%emt 0:00:34]} 44. Bd1 {[%emt 0:00:04]} Nf8 {[%emt 0:00:32]} 45. Kd2 {[%emt 0:00:27]} Ra3 {[%emt 0:02:38]} 46. g4 {[%emt 0:00:11]} Rg3 {[%emt 0:01:00]} 47. Rh8 {[%emt 0:00:18]} Ne6 {[%emt 0:06:01]} 48. Rb8 {[%emt 0:00:06]} Nd4 {[%emt 0:00:08]} 49. Rb6 {[%emt 0:00:11]} Ra3 {[%emt 0:01:46]} 50. f5 {[%emt 0:00:42]} g5 {[%emt 0:00:54]} 51. Rb7+ {[%emt 0:00:35]} Kf6 {[%emt 0:00:27]} 52. Rd7 {[%emt 0:01:01]} Nf3+ {[%emt 0:00:35]} 53. Kc1 {[%emt 0:01:26]} b4 {[%emt 0:01:14]} 54. Rb7 {[%emt 0:01:00]} Ra1+ {[%emt 0:00:52]} 55. Kc2 {[%emt 0:00:05]} b3+ {[%emt 0:00:37]} 0-1